000 00367nam a22001337a 4500
008 211108b |||||||| |||| 00| 0 eng d
020 _a0632058447
050 _aQP143 N88 2002 c.1
245 _aNutrition & Health
_cedited by Tanya Carr & Koen Descheemaeker
260 _aEdinburgh
_bBlackwell
_c2002
300 _aix, 188p.
650 _aNutrition
942 _2lcc
_cBK
999 _c19105
_d19104